Strategic management and business policy : (Record no. 347830)

000 -LEADER
fixed length control field 00996 a2200193 4500
020 ## - INTERNATIONAL STANDARD BOOK NUMBER
International Standard Book Number 0201846578 (hardcover)
020 ## - INTERNATIONAL STANDARD BOOK NUMBER
International Standard Book Number 9780201846577 (hardcover)
082 04 - DEWEY DECIMAL CLASSIFICATION NUMBER
Classification number 658.4012
090 ## - LOCALLY ASSIGNED LC-TYPE CALL NUMBER (OCLC); LOCAL CALL NUMBER (RLIN)
-- 5422
-- 5422
100 1# - MAIN ENTRY--PERSONAL NAME
Personal name Wheelen, Thomas L.
245 10 - TITLE STATEMENT
Title Strategic management and business policy :
Remainder of title entering 21st century global society /
Statement of responsibility, etc. Thomas L. Wheelen, J. David Hunger.
250 ## - EDITION STATEMENT
Edition statement 6th ed.
260 ## - PUBLICATION, DISTRIBUTION, ETC.
Place of publication, distribution, etc. [S.l.] :
Name of publisher, distributor, etc. Addison Wesley Publishing Company,
Date of publication, distribution, etc. 1997.
300 ## - PHYSICAL DESCRIPTION
Extent 992 p. ;
Dimensions 26 cm.
520 ## - SUMMARY, ETC.
Summary, etc. This text provides the Strategic Management and Business Policy student with a presentation of traditional and new strategic management topics. These topics include: corporate governance, hypercompetition, competitive strategy, outsourcing, mass customization, technology, international issues, environmental trends and ethics.
700 1# - ADDED ENTRY--PERSONAL NAME
Personal name Hunger, J. David.
856 40 - ELECTRONIC LOCATION AND ACCESS
Materials specified Amazon.com
Uniform Resource Identifier <a href="http://www.amazon.com/exec/obidos/ASIN/0201846578/chopaconline-20">http://www.amazon.com/exec/obidos/ASIN/0201846578/chopaconline-20</a>
942 ## - ADDED ENTRY ELEMENTS (KOHA)
Institution code [OBSOLETE] NBS
Koha item type Book
Call number prefix 658.4012 WHE
Holdings
Withdrawn status Lost status Damaged status Not for loan Permanent Location Current Location Date acquired Total Checkouts Full call number Barcode Date last seen Date last checked out Price effective from Koha item type Public note
  Write Off     Central Library (CL) Central Library (CL) 08/28/2013 2 658.4012 WHE NBS4435 08/07/2017 08/19/2016 08/28/2013 Book No. 0908/NBS/IRC Dated: 12 June, 2012
© 2023 Central Library, National University of Sciences and Technology. All Rights Reserved.